000 00477nam a2200169 i 4500
001 44854
003 ES-MaACL
005 20230906161116.0
007 t|
008 030324q1919 fr ||||1| fre d
100 1 _aClark, Charles Upson.
_939025
245 1 0 _aCollectanea hispánica /
_cCharles Upson Clark.
260 _aParis :
_bH. Champion,
_c[1919?]
300 _a243 p. ;
_c25 cm.
500 _aTransactions of the Acad. Arts and Sciences.
852 _aES-MaACL
_jF-1416
999 _c44854
_d44854